| 000 | 01127naa a22002777a 4500 | ||
|---|---|---|---|
| 001 | BR9605489 | ||
| 003 | BR-BrBNA | ||
| 005 | 20240918181655.0 | ||
| 007 | ta | ||
| 008 | 230509b bl.||||| |||| 00| 0 por d | ||
| 040 |
_aBR-BrBNA _bpor _cBiblioteca Nacional de Agricultura |
||
| 041 | _a(Pt) | ||
| 072 |
_aH10 _b2120 _b4050 |
||
| 090 | _aH10 BR9605489 | ||
| 100 | 1 | _aGuerra Neto, E.G. | |
| 100 | 1 | _aD'Antonio, A.M. | |
| 111 | 1 |
_a12. Congresso Brasileiro de Pesquisas Cafeeiras _cCaxambu, MG (Brazil) _d28-31 Oct 1985 |
|
| 245 | 1 | _aInfluencia do Meloidogyne exigua, Goeldi, 1887, no desenvolvimento de lavoura de Coffea arabica L., variedade Mundo Novo | |
| 260 | 3 |
_aRio de Janeiro, RJ (Brasil): _c1985. |
|
| 500 | _a12. Congresso Brasileiro de Pesquisas Cafeeiras. Trabalhos apresentados Rio de Janeiro, RJ (Brasil): 1985. p. 35 (BR9605489-AM)H10 | ||
| 650 | _aCafe Novo Mundo | ||
| 650 | _aMeloidoginose | ||
| 773 | 0 |
_t12. Congresso Brasileiro de Pesquisas Cafeeiras. Trabalhos apresentados _wH10 BR9605489 _gRio de Janeiro, RJ (Brasil), 1985. p. 35 |
|
| 909 |
_a202404 _bLucia _c55 _dLucia Elande |
||
| 942 |
_cAM _2AGRIS |
||
| 999 |
_c326364 _d326364 |
||